La voz a ti debida
Gardado en:
| Autor Principal: | |
|---|---|
| Formato: | Libro |
| Idioma: | Lingua castelá |
| Publicado: |
Madrid
Castalia
1979
|
| Series: | Clásicos Castalia, 2
|
| Subjects: | |
| Tags: |
Engadir etiqueta
Sen Etiquetas, Sexa o primeiro en etiquetar este rexistro!
|
MARC
| LEADER | 00000nam a2200000 a 4500 | ||
|---|---|---|---|
| 001 | UCQ1326 | ||
| 003 | CL-VaPUC | ||
| 008 | 980709e19790000SP |||||||||||||||||spa|d | ||
| 082 | 0 | 4 | |a 861 |b SAL |2 21 |
| 100 | 0 | |a Salinas, Pedro |e author |9 346622 | |
| 245 | 1 | 3 | |a La voz a ti debida |
| 246 | 1 | 0 | |a Razón de amor |
| 300 | |a 209 p | ||
| 942 | |c BK | ||
| 945 | |d 19980709 00:00:00 |a lriquelm | ||
| 260 | |a Madrid |b Castalia |c 1979 | ||
| 650 | 0 | |a Poesías españolas |9 265100 | |
| 650 | 0 | |a Crítica e interpretación |9 255042 | |
| 650 | 0 | |a Literatura española |9 306261 | |
| 583 | |a last modification |c 19980709 00:00:00 |k Rodrigo Vera | ||
| 490 | 0 | |a Clásicos Castalia, 2 | |
| 999 | |c 272328 |d 272326 | ||
| 952 | |0 0 |1 0 |4 0 |6 861_000000000000000_SAL_1979 |7 0 |8 A |9 307227 |a BIBEDU |b BIBEDU |d 2019-11-20 |i 1434195 |o 861 SAL 1979 |p 1434195 |r 2019-11-20 |w 2019-11-20 |y BK |k LIT | ||